Statistics for Provinces (Subahs) of the Mughal Empire with a Map

Click here to take the quiz!

General Stats

  • This quiz has been taken 635 times
  • The average score is 10 of 26

Answers on the Map

Answers color-coded by a green-red scale on the quiz's map according to % correct below.
 

Answer Stats

Subdivisions% Correct
Bengal
93%
Delhi
88%
Gujarat
80%
Kashmir
78%
Orissa
58%
Bihar
51%
Lahore
45%
Ladakh
42%
Agra
41%
Kabul
41%
Multan
36%
Carnatic
31%
Awadh
29%
Malwa
28%
Ajmer
24%
Allahabad
23%
Bijapur
23%
Aurangabad
22%
Berar
22%
Thatta
20%
Golconda
19%
Garhwal
14%
Sira
14%
Kumaon
12%
Kangra
11%
Suket
9%

Score Distribution

Percentile by Number Answered

Percent of People with Each Score

Your Score History

You have not taken this quiz